Histoire du drapeau de la Corée du Sud - Statistiques

Statistiques générales
  • Ce quiz a été pris 158 fois
  • Le résultat moyen est 5 sur 8
Statistiques - réponses
Hint Réponse % Correct
Corée du Sud (drapeau actuel depuis 1948)
93%
Occupation japonaise de la Corée (1910-1945)
84%
Administration américaine de la Corée (1945-1948)
82%
Empire mongol (1232-1270)
64%
Goryeo (918-1232 et 1270-1392)
58%
Empire coréen (1897-1910)
55%
Dynastie Joseon (1392-1897)
53%
Gouvernement provisoire de la république populaire de Corée (1945-1946)
47%
Aucun quiz correspondant
Distribution des résultats
% des personnes avec chaque résultat
Percentile par nombre de réponses
Votre historique - résultats
Vous n’avez pas pris ce quiz